Name a Valid National Flag - Statistics

General Stats
  • This quiz has been taken 47 times
    38 since last reset
  • The average score is 19 of 44
Answer Stats
Hint Answer % Correct
Union jack Australia | Fiji | New Zealand | Tuvalu | United Kingdom
100%
Eagle Albania | Egypt | Kazakhstan | Mexico | Moldova | Montenegro | Serbia | Zambia | Zimbabwe
97%
Sun Antigua and Barbuda | Argentina | Bangladesh | Costa Rica | Ecuador | Japan | Kazakhstan | Kiribati | Kyrgyzstan | Malawi | Mongolia | Namibia | Nepal | Niger | North Macedonia | Philippines | Rwanda | Taiwan | Uruguay
97%
Nordic cross Denmark | Finland | Iceland | Norway | Sweden
97%
Moon and star Algeria | Azerbaijan | Comoros | Libya | Malaysia | Mauritania | Pakistan | Singapore | Tunisia | Turkey | Turkmenistan | Uzbekistan
88%
Southern cross Australia | Brazil | Federated States of Micronesia | New Zealand | Papua New Guinea
84%
Fifty stars United States of America
75%
Lion Fiji | Montenegro | Spain | Sri Lanka
69%
Square shape Switzerland | Vatican City
66%
Dragon Bhutan
63%
Guns Bolivia | Guatemala | Haiti | Mozambique
63%
Human Belize | Malta
59%
Outline of country Cyprus | Kosovo
59%
Yin and yang/Taegeuk Mongolia | South Korea
56%
Trident Barbados
50%
Five stars China | Honduras | Papua New Guinea | Samoa | Singapore | Solomon Islands | Turkmenistan
47%
Four stars Comoros | Federated States of Micronesia | New Zealand
47%
Parrot Dominica
47%
Andean condor Bolivia | Ecuador
38%
Shield and spears Bolivia | Ecuador | Eswatini | Kenya
38%
Sword Oman | Saudi Arabia | Sri Lanka
38%
Latin writing Andorra | Belize | San Marino | Spain
34%
Two stars Croatia | Nepal | Panama | São Tomé and Principe | Saint Kitts and Nevis
31%
Full moon Laos | Palau
31%
Double pennant shape Nepal
31%
Machete Angola
28%
Bird of paradise Papua New Guinea
28%
Shahada Afghanistan | Saudi Arabia
25%
Six stars Australia | Equatorial Guinea | Kosovo
25%
Three stars Burundi | Philippines | Slovenia | Syria
25%
Takbir Iran | Iraq
25%
Key Vatican City
25%
Checker pattern Croatia
22%
Rainbow El Salvador | Nicaragua
22%
Fourteen stripes Malaysia
22%
Five stripes Costa Rica | Cuba | Thailand | Togo
19%
Eleven stripes Liberia
19%
Quetzal bird Guatemala
16%
Eight stars Venezuela
16%
Nine stars Bosnia and Herzegovina | Tuvalu
13%
Nine stripes Greece | Uruguay
13%
Crane Uganda
13%
Ten stars Cape Verde | Dominica
3%
Seven stars Costa Rica | Grenada | Tajikistan
3%
No matching quizzes found
Score Distribution
Percent of People with Each Score
Percentile by Number Answered
Your Score History
You have not taken this quiz since the last reset